| 000 | 00424nam a2200169Ia 4500 | ||
|---|---|---|---|
| 003 | LK-CoDNM | ||
| 005 | 20240730161025.0 | ||
| 008 | 010623t1961 xxu||||| |||| 00| 1 eng d | ||
| 040 |
_aLK-CoDNM _dLK-CoDNM _eLK-CoDNM |
||
| 041 | _aeng | ||
| 080 |
_a8 _bJJ28 |
||
| 100 | _aClark,Grahame. | ||
| 245 | _aWorld Prehistory | ||
| 260 |
_bCambridge University Press _c1961 |
||
| 300 | _bxiii, 283p. : ill ; 22 cm | ||
| 942 | _cBK | ||
| 999 |
_c105646 _d105646 |
||